Vzory zmlúv a podaní v pracovnoprávnych vzťahoch
Na minha lista:
| Autor principal: | |
|---|---|
| Formato: | Livro |
| Publicado em: |
Bratislava
Nová práca
2018
|
| Edição: | 5. aktualizované a doplnené vydanie |
| Assuntos: | |
| Tags: |
Sem tags, seja o primeiro a adicionar uma tag!
|
MARC
| LEADER | 00000nam a2200000 4500 | ||
|---|---|---|---|
| 001 | 0258550 | ||
| 005 | 20240221120120.3 | ||
| 020 | |a 978-80-89350-74-2 | ||
| 245 | 1 | 0 | |a Vzory zmlúv a podaní v pracovnoprávnych vzťahoch |c Milada Illášová |
| 250 | |a 5. aktualizované a doplnené vydanie | ||
| 264 | 1 | |a Bratislava |b Nová práca |c 2018 | |
| 300 | |a 512 s. | ||
| 610 | 2 | 0 | |a právo pracovné |
| 610 | 2 | 0 | |a vzťahy pracovnoprávne |
| 610 | 2 | 0 | |a zmluvy |
| 610 | 2 | 0 | |a dohody |
| 610 | 2 | 0 | |a dokumenty |
| 610 | 2 | 0 | |a poradenstvo |
| 610 | 2 | 0 | |a vzory |
| 100 | 1 | |a Illášová, Milada | |